000 00533nam a22001697a 4500
999 _c163963
_d163963
005 20190507150707.0
010 _aA-950292
020 _a8120314166
_c719.00
035 _aA-950292
037 _bPrentice Hall of India Pvt. Ltd.
082 _a658.404
100 _aSunny
245 _aThe complete idiot's guide:
_bProject management /
_cSunny {and } Kim Baker
260 _aNew Delhi
_bPrentice Hall of India Pvt. Ltd.
_c1998
300 _a328p (it include index)
_c23cm ()hbk
942 _2ddc
_cEN
_h658.404
_mSUN